|
|
|
|
| LEADER |
00000nab a2200000 a 4500 |
| 001 |
vtls000892944 |
| 003 |
SK-MaSNL |
| 005 |
20260304232128.0 |
| 008 |
040720e19951130xo 0 slo |
| 035 |
|
|
|a KE1980
|
| 040 |
|
|
|a KEVKJB
|b slo
|c KEVKJB
|e AACR2
|
| 041 |
0 |
|
|a slo
|
| 044 |
|
|
|a xo
|c SK
|
| 080 |
|
|
|a 799.3
|2 1981
|
| 080 |
|
|
|a 929
|2 1981
|
| 100 |
1 |
|
|a Matia, Ivan
|4 aut
|9 270731
|
| 245 |
1 |
0 |
|a Kráska riekla: "Som niekto iný"
|
| 590 |
|
|
|a Tkáčová, Klaudia
|b športová streľkyňa
|
| 600 |
1 |
7 |
|a Tkáčová, Klaudia
|2 KEVKJB
|9 1566456
|
| 610 |
2 |
7 |
|a Športový strelecký klub, Podhradová
|2 KEVKJB
|9 1566457
|
| 650 |
0 |
7 |
|a športová streľba
|2 KEVKJB
|9 29098
|
| 650 |
0 |
7 |
|a reportáže
|2 KEVKJB
|9 75670
|
| 651 |
|
7 |
|a Košice (Slovensko)
|2 KEVKJB
|9 18694
|
| 651 |
|
7 |
|a KE,
|2 KEVKJB
|9 877256
|
| 651 |
|
7 |
|a KE,
|2 KEVKJB
|9 877256
|
| 655 |
|
7 |
|a periodikum
|2 snkbucl
|9 29553
|
| 710 |
2 |
|
|a Športový strelecký klub, Podhradová
|4 aut
|9 1566457
|
| 773 |
0 |
8 |
|t Korzo
|g Roč. 2
|g Roč. 28, č.277, 30.11.1995, s. 18
|
| 852 |
|
|
|a ZVYKNI
|b KIS3GCP
|
| 999 |
|
|
|c 3192183
|d 3194113
|